| 000 | 01637nam a22002537a 4500 | ||
|---|---|---|---|
| 005 | 20210412150954.0 | ||
| 008 | 210412s1998 pe |||fr|||| 001 0 spa d | ||
| 040 |
_aCENDOC CAAAP _bspa _cCAAAP |
||
| 041 | _aspa | ||
| 050 |
_aFP 183.7 _bV32 |
||
| 100 | 1 |
_92098 _aVargas Haya, Héctor |
|
| 245 | 1 |
_aPerú : _bun país mutilado / _cHéctor Vargas Haya |
|
| 250 | _a1ra ed. | ||
| 260 |
_aLima , _c1998 |
||
| 300 |
_a159 p., _c14 cm |
||
| 505 | _aContiene : Prólogo- Soberanía del perú en peligro -- No más entreguismos -- Cuánto territorio perdido en virtud de entreguistas tratados -- Mapa -- Una paz con honor -- Garantes convertidos en proponentes y dirimentes -- Oferta peruana -- Participación de representantes de la región Amazónica -- Dolor roso y vergonzante recuerdo del tratado Salmón-Lozano y entrega de Leticia -- La recuperacupin de Leticia y los compatriotas condenados a muerte por Defensor la Patria -- El producto peruano-ecuatoriano de Paz, amistad y límites -- Tratado establece amplia navegación en el Amazonas -- La treta ecuatoriana de salida al Amazonas -- Pcto de caballeros -- ¿Por qué las ofertas unilaterales de presidente Fujimori al Ecuador -- El pueblo peruano rechaza un entreguismo más --- La imposiciones de USA -- El pragmatismo de Fujimori --Descubrimiento del Amazonas -- La cuestión de integración nacional -- Inevitables verdades sin eufemismos -- Integración Si, Cesión No | ||
| 650 | 1 | 0 |
_92099 _aGeopolítica |
| 650 | 2 | 0 |
_9755 _aTratados |
| 650 | 2 | 0 |
_9410 _aFronteras |
| 650 | 2 | 0 |
_91090 _aGuerra |
| 650 | 2 | 0 |
_98 _aHistoria |
| 651 | 1 | 0 |
_912 _aPerú |
| 942 |
_2lcc _b12 - 04 - 21 _cBK |
||
| 999 |
_c859 _d859 |
||